Turismo rural comunitario como enfoque alternativo de desarrollo /
El objetivo del Turismo Rural Comunitario es acercarse a la naturaleza y a las actividades de las localidades rurales y surge ante los cambios en las preferencias de los turistas, propiciando que se desarrollen actividades turísticas diferentes a las tradicionales de los destinos masivos. El artícul...
Spremljeno u:
| Glavni autor: | |
|---|---|
| Daljnji autori: | |
| Format: | Tekst |
| Teme: | |
| Oznake: |
Dodaj oznaku
Bez oznaka, Budi prvi tko označuje ovaj zapis!
|
MARC
| LEADER | 00000 a a2200000 04500 | ||
|---|---|---|---|
| 001 | 42980 | ||
| 003 | |||
| 040 | |||
| 100 | |a Peralta Quesada, Leda | ||
| 245 | |a Turismo rural comunitario como enfoque alternativo de desarrollo / |c Leda Peralta Quesada ; Mariana Solano Umanzor | ||
| 520 | 4 | |a El objetivo del Turismo Rural Comunitario es acercarse a la naturaleza y a las actividades de las localidades rurales y surge ante los cambios en las preferencias de los turistas, propiciando que se desarrollen actividades turísticas diferentes a las tradicionales de los destinos masivos. El artículo ahonda en el tema del desarrollo autónomo local y en cómo los procesos participativos pueden generar reestructuraciones de poder; esto, se analiza desde cuatro variables politológicas principales: participación comunal, empoderamiento, sociabilidad y autogestión. | |
| 590 | |a RRA/MAYO2012 | ||
| 650 | |a 1.TURISMO | ||
| 650 | |a 2.COMUNIDADES RURALES | ||
| 650 | |a 3.PARTICIPACION SOCIAL | ||
| 650 | |a 4.PLANO LOCAL | ||
| 650 | |a 5.DESARROLLO SOCIAL | ||
| 650 | |a 6.COSTA RICA | ||
| 700 | |a Solano Umanzor, Mariana | ||
| 773 | |g volumen6, número2 ( , 2009), páginas 135-162 : fotos | ||
| 999 | |c 34240 |d 34240 | ||
